<?xml version="1.0" encoding="UTF-8"?><?xml-stylesheet type="text/xsl" href="static/style.xsl"?><OAI-PMH xmlns="http://www.openarchives.org/OAI/2.0/" xmlns:xsi="http://www.w3.org/2001/XMLSchema-instance" xsi:schemaLocation="http://www.openarchives.org/OAI/2.0/ http://www.openarchives.org/OAI/2.0/OAI-PMH.xsd"><responseDate>2026-04-29T12:24:08Z</responseDate><request verb="GetRecord" identifier="oai:repisalud.isciii.es:20.500.12105/19738" metadataPrefix="marc">https://repisalud.isciii.es/rest/oai/request</request><GetRecord><record><header><identifier>oai:repisalud.isciii.es:20.500.12105/19738</identifier><datestamp>2024-11-28T16:59:06Z</datestamp><setSpec>com_20.500.12105_2052</setSpec><setSpec>com_20.500.12105_2051</setSpec><setSpec>com_20.500.12105_15322</setSpec><setSpec>col_20.500.12105_19608</setSpec><setSpec>col_20.500.12105_16959</setSpec></header><metadata><record xmlns="http://www.loc.gov/MARC21/slim" xmlns:dcterms="http://purl.org/dc/terms/" xmlns:doc="http://www.lyncode.com/xoai" xmlns:xsi="http://www.w3.org/2001/XMLSchema-instance" xsi:schemaLocation="http://www.loc.gov/MARC21/slim http://www.loc.gov/standards/marcxml/schema/MARC21slim.xsd">
   <leader>00925njm 22002777a 4500</leader>
   <datafield ind2=" " ind1=" " tag="042">
      <subfield code="a">dc</subfield>
   </datafield>
   <datafield ind2=" " ind1=" " tag="720">
      <subfield code="a">Barahona-López, Cristina</subfield>
      <subfield code="e">author</subfield>
   </datafield>
   <datafield ind2=" " ind1=" " tag="720">
      <subfield code="a">Plans-Beriso, Elena</subfield>
      <subfield code="e">author</subfield>
   </datafield>
   <datafield ind2=" " ind1=" " tag="720">
      <subfield code="a">Petrova, Dafina</subfield>
      <subfield code="e">author</subfield>
   </datafield>
   <datafield ind2=" " ind1=" " tag="720">
      <subfield code="a">Fernández-Martínez, Nicolás Francisco</subfield>
      <subfield code="e">author</subfield>
   </datafield>
   <datafield ind2=" " ind1=" " tag="720">
      <subfield code="a">Craciun, Oana Marilena</subfield>
      <subfield code="e">author</subfield>
   </datafield>
   <datafield ind2=" " ind1=" " tag="720">
      <subfield code="a">García-Ovejero, Ester</subfield>
      <subfield code="e">author</subfield>
   </datafield>
   <datafield ind2=" " ind1=" " tag="720">
      <subfield code="a">Arruabarrena, E</subfield>
      <subfield code="e">author</subfield>
   </datafield>
   <datafield ind2=" " ind1=" " tag="720">
      <subfield code="a">Hernández, Orlando</subfield>
      <subfield code="e">author</subfield>
   </datafield>
   <datafield ind2=" " ind1=" " tag="720">
      <subfield code="a">Diez-Echave, Paul</subfield>
      <subfield code="e">author</subfield>
   </datafield>
   <datafield ind2=" " ind1=" " tag="260">
      <subfield code="c">2023</subfield>
   </datafield>
   <datafield ind2=" " ind1=" " tag="520">
      <subfield code="a">Background/Objectives: One of the first steps of the PeRsOnalized Prevention roadmap for the future HEalThcare (PROPHET) project is to carry out several scoping reviews about research on biomarkers useful for personalized prevention -primary/secondary- of neurodegenerative diseases. Methods: A rapid scoping review was conducted (Feb-Jun 2023). Inclusion criteria were defined. Population: Adult general population (> 18 years), specific high-risk subgroups. Concept and context: Biomarkers that help to stratify the risk –either in primary or in secondary prevention– of amyotrophic lateral sclerosis, Parkinson disease, Alzheimer’s disease, frontotemporal dementia, vascular dementia, Lewy body disease and multiple sclerosis. We also included “cognitive decline” as a proxy of dementia. The literature available between 2020 and 2023 was reviewed using bibliographic bases, grey literature and expert consultation. Independent reviewers screened and extracted information from 10% of the papers, and the rest was screened by one reviewer –due to time constraints–. A graphical interactive map was created to visually identify the evidence gaps in the literature. Results: A total of 1,653 articles –after removing 395 duplicates– were obtained of which 28% (n = 460) were selected for the full-text phase. The most researched neurodegenerative disease was Alzheimer, followed by Parkinson, multiple sclerosis and amyotrophic lateral sclerosis. Regarding the type of biomarker, more than half of articles included genetic/epigenetic biomarkers, and one third integrated imaging techniques. Few articles used -omics-based biomarkers or utilized artificial intelligence and/or deep learning methods. The results were presented taking into account the general population versus the high-risk groups of population (smoking, alcohol consumption, diabetes, obesity, hypertension, hypercholesterolemia or dyslipidaemia) as well as the clinical utility of the biomarkers. Conclusions/Recommendations: In this scoping review we provide a general picture of the state of art in the use of biomarkers for neurodegenerative diseases, which will inform the future Strategic Research and Innovation Agenda (SRIA) for the European Union.</subfield>
   </datafield>
   <datafield ind1="8" ind2=" " tag="024">
      <subfield code="a">Gac Sanit. 2023;37(S1):230-230.</subfield>
   </datafield>
   <datafield ind1="8" ind2=" " tag="024">
      <subfield code="a">Gac Sanit.</subfield>
   </datafield>
   <datafield ind1="8" ind2=" " tag="024">
      <subfield code="a">http://hdl.handle.net/20.500.12105/19738</subfield>
   </datafield>
   <datafield tag="653" ind2=" " ind1=" ">
      <subfield code="a">PROPHET project</subfield>
   </datafield>
   <datafield tag="653" ind2=" " ind1=" ">
      <subfield code="a">Biomarker</subfield>
   </datafield>
   <datafield tag="653" ind2=" " ind1=" ">
      <subfield code="a">Cardiovascular Diseases</subfield>
   </datafield>
   <datafield tag="653" ind2=" " ind1=" ">
      <subfield code="a">Amyotrophic lateral sclerosis</subfield>
   </datafield>
   <datafield tag="653" ind2=" " ind1=" ">
      <subfield code="a">Parkinson disease</subfield>
   </datafield>
   <datafield tag="653" ind2=" " ind1=" ">
      <subfield code="a">Alzheimer’s disease</subfield>
   </datafield>
   <datafield tag="653" ind2=" " ind1=" ">
      <subfield code="a">Frontotemporal dementia</subfield>
   </datafield>
   <datafield tag="653" ind2=" " ind1=" ">
      <subfield code="a">Vascular dementia</subfield>
   </datafield>
   <datafield tag="653" ind2=" " ind1=" ">
      <subfield code="a">Lewy body disease</subfield>
   </datafield>
   <datafield tag="653" ind2=" " ind1=" ">
      <subfield code="a">Multiple sclerosis</subfield>
   </datafield>
   <datafield ind2="0" ind1="0" tag="245">
      <subfield code="a">Neurodegenerative diseases: a rapid scoping review of biomarkers for personalized prevention</subfield>
   </datafield>
</record></metadata></record></GetRecord></OAI-PMH>